[Event "Bad Woerishofen Seniors op 32nd"]
[Site "Bad Woerishofen"]
[Date "2016.03.03"]
[Round "7"]
[White "Haubt, Georg"]
[Black "Kozlov, Alexander"]
[Result "1-0"]
[WhiteElo "2125"]
[BlackElo "2153"]
[PlyCount "83"]
[EventDate "2016.02.26"]
[EventType "swiss"]
[EventRounds "9"]
[EventCountry "GER"]
[SourceTitle "EXT 2019"]
[Source "ChessBase"]
[SourceDate "2018.10.10"]
[SourceVersion "1"]
[SourceVersionDate "2018.10.10"]
[SourceQuality "1"]

1. d4 d6 2. e4 Nf6 3. Bd3 e5 4. c3 Be7 5. Nf3 Bg4 6. h3 Bh5 7. Be3 Nbd7 8. Nbd2 c6 9. g4 Bg6 10. Nh4 Nxg4 11. hxg4 Bxh4 12. Qb3 b6 13. Qa4 Rc8 14. Qxa7 Rc7 15. Qa6 Bg5 16. Nc4 Bxe3 17. fxe3 0-0 18. Nxd6 Qg5 19. Kd2 exd4 20. cxd4 Qxg4 21. Rag1 Qe6 22. Qa3 c5 23. e5 cxd4 24. exd4 Qd5 25. Rh4 Qf3 26. Rgh1 Qf2+ 27. Kd1 Qf3+ 28. Be2 Qxa3 29. bxa3 Ra7 30. R1h3 Rfa8 31. Bf3 Rd8 32. Bc6 Rc7 33. Ba4 Ra8 34. Bb3 Nf8 35. d5 Re7 36. Re3 Nd7 37. e6 fxe6 38. Rxe6 Rxe6 39. dxe6 Nc5 40. Bd5 Rb8 41. e7+ Kh8 42. Bf7 1-0

[Event "Bad Woerishofen op 28th"]
[Site "Bad Woerishofen"]
[Date "2012.03.09"]
[Round "8"]
[White "Meijers, Viesturs"]
[Black "Kozlov, Alexander"]
[Result "1-0"]
[WhiteElo "2490"]
[BlackElo "2170"]
[PlyCount "35"]
[EventDate "2012.03.02"]
[EventType "swiss"]
[EventRounds "9"]
[EventCountry "GER"]
[SourceTitle "EXT 2019"]
[Source "ChessBase"]
[SourceDate "2018.10.10"]
[SourceVersion "1"]
[SourceVersionDate "2018.10.10"]
[SourceQuality "1"]

1. e4 d6 2. d4 Nf6 3. Nc3 e5 4. Nf3 Nbd7 5. Bc4 Be7 6. 0-0 0-0 7. a4 c6 8. Ba2 b6 9. Qe2 Bb7 10. Rd1 Qc7 11. Nh4 exd4 12. Nf5 Rae8 13. Rxd4 c5 14. Rd1 g6 15. Nb5 Ba6 16. Nxc7 Bxe2 17. Nxe8 gxf5 18. Nxf6+ 1-0

[Event "Bad Woerishofen op 28th"]
[Site "Bad Woerishofen"]
[Date "2012.03.08"]
[Round "7"]
[White "Kozlov, Alexander"]
[Black "Buchal, Stephan"]
[Result "1-0"]
[WhiteElo "2170"]
[BlackElo "2330"]
[PlyCount "79"]
[EventDate "2012.03.02"]
[EventType "swiss"]
[EventRounds "9"]
[EventCountry "GER"]
[SourceTitle "EXT 2019"]
[Source "ChessBase"]
[SourceDate "2018.10.10"]
[SourceVersion "1"]
[SourceVersionDate "2018.10.10"]
[SourceQuality "1"]

1. d4 g6 2. c4 Bg7 3. Nc3 d6 4. Nf3 Nf6 5. e4 0-0 6. Be2 e5 7. 0-0 Na6 8. Re1 c6 9. Bf1 Bg4 10. d5 c5 11. Bg5 Nc7 12. h3 Bd7 13. Qd2 Qe8 14. a3 Kh8 15. b4 b6 16. bxc5 bxc5 17. Rab1 Bc8 18. Bd3 Nd7 19. Qe2 f5 20. Bd2 Nf6 21. Bc2 Qe7 22. Ba4 Ba6 23. Bg5 Rab8 24. Nh4 f4 25. Bb5 Bc8 26. Ba4 Ba6 27. Bb5 Bc8 28. Ba4 Rxb1 29. Rxb1 Qf7 30. Bxf6 Bxf6 31. Nf3 g5 32. Nh2 h5 33. Bd1 h4 34. Qh5+ Kg7 35. Qxf7+ Kxf7 36. Nf1 Ba6 37. Nd2 Na8 38. Be2 Ke7 39. a4 Kd7 40. Nb5 1-0

[Event "Bad Woerishofen op 28th"]
[Site "Bad Woerishofen"]
[Date "2012.03.04"]
[Round "3"]
[White "Kozlov, Alexander"]
[Black "Guggenberger, Guido"]
[Result "1-0"]
[WhiteElo "2170"]
[BlackElo "2031"]
[PlyCount "49"]
[EventDate "2012.03.02"]
[EventType "swiss"]
[EventRounds "9"]
[EventCountry "GER"]
[SourceTitle "EXT 2019"]
[Source "ChessBase"]
[SourceDate "2018.10.10"]
[SourceVersion "1"]
[SourceVersionDate "2018.10.10"]
[SourceQuality "1"]

1. Nf3 Nf6 2. d4 g6 3. c4 Bg7 4. Nc3 0-0 5. e4 d6 6. Be2 Nbd7 7. 0-0 e5 8. d5 Kh8 9. Ne1 Ng8 10. Be3 Bh6 11. Bxh6 Nxh6 12. Qd2 Kg7 13. Nd3 f5 14. f4 exf4 15. exf5 Nxf5 16. Rxf4 Nc5 17. Nxc5 dxc5 18. Raf1 Rf7 19. Ne4 b6 20. Qc3+ Kh6 21. Qh3+ Kg7 22. g4 Nd6 23. Qc3+ Kg8 24. Rxf7 Nxf7 25. Nf6+ 1-0

[Event "Bad Woerishofen op 28th"]
[Site "Bad Woerishofen"]
[Date "2012.03.02"]
[Round "1"]
[White "Kozlov, Alexander"]
[Black "Moors, Marc"]
[Result "1-0"]
[WhiteElo "2170"]
[BlackElo "1879"]
[PlyCount "21"]
[EventDate "2012.03.02"]
[EventType "swiss"]
[EventRounds "9"]
[EventCountry "GER"]
[SourceTitle "EXT 2019"]
[Source "ChessBase"]
[SourceDate "2018.10.10"]
[SourceVersion "1"]
[SourceVersionDate "2018.10.10"]
[SourceQuality "1"]

1. d4 Nf6 2. c4 g6 3. Nc3 d5 4. cxd5 Nxd5 5. Bd2 Bg7 6. e4 Nf6 7. Bf4 0-0 8. Be2 c5 9. d5 Qa5 10. Qd2 Bg4 11. e5 1-0

[Event "BL2-Sued 1112"]
[Site "Germany"]
[Date "2011.11.21"]
[Round "3.2"]
[White "Abergel, Thal"]
[Black "Kozlov, Alexander"]
[Result "1-0"]
[WhiteElo "2502"]
[BlackElo "2170"]
[PlyCount "97"]
[EventDate "2011.10.02"]
[EventType "team-tourn"]
[EventRounds "9"]
[EventCountry "GER"]
[SourceTitle "EXT 2015"]
[Source "ChessBase"]
[SourceDate "2014.11.20"]
[SourceVersion "1"]
[SourceVersionDate "2014.11.20"]
[SourceQuality "1"]
[WhiteTeam "Viernheim"]
[BlackTeam "Schwegenheim"]
[WhiteTeamCountry "GER"]
[BlackTeamCountry "GER"]

1. e4 d6 2. d4 Nf6 3. Nc3 e5 4. Nf3 Nbd7 5. g4 Nxg4 6. Rg1 exd4 7. Nxd4 Nde5 8. h3 Nf6 9. f4 Ng6 10. Be3 d5 11. e5 Ne4 12. Bb5+ Bd7 13. Nxe4 dxe4 14. Qh5 Qh4+ 15. Qxh4 Nxh4 16. Bxd7+ Kxd7 17. 0-0-0 Kc8 18. Rg4 Ng6 19. Nf5 Rg8 20. Rg2 Ne7 21. Rgd2 Nc6 22. Rd7 g6 23. Ng3 Be7 24. Nxe4 Rd8 25. Rxd8+ Nxd8 26. f5 a5 27. f6 Bf8 28. Ng5 h5 29. Nxf7 Nxf7 30. e6 Nd6 31. Rg1 Nf5 32. Rxg6 Ra6 33. Rg8 Rxe6 34. Rxf8+ Kd7 35. Bg5 Re8 36. Rf7+ Kc6 37. Rh7 Nd6 38. b3 Rf8 39. Rxh5 Ne4 40. h4 Rf7 41. Rh8 Kd7 42. Rh6 Ke6 43. Rg6 a4 44. Kb2 axb3 45. axb3 c6 46. Ka3 Kf5 47. Rg7 Ke6 48. Rxf7 Kxf7 49. Kb4 1-0

[Event "BL2-Sued 1112"]
[Site "Germany"]
[Date "2011.10.23"]
[Round "2.2"]
[White "Kozlov, Alexander"]
[Black "Mutschnik, Illya"]
[Result "0-1"]
[WhiteElo "2170"]
[BlackElo "2452"]
[PlyCount "108"]
[EventDate "2011.10.02"]
[EventType "team-tourn"]
[EventRounds "9"]
[EventCountry "GER"]
[SourceTitle "EXT 2015"]
[Source "ChessBase"]
[SourceDate "2014.11.20"]
[SourceVersion "1"]
[SourceVersionDate "2014.11.20"]
[SourceQuality "1"]
[WhiteTeam "Schwegenheim"]
[BlackTeam "Baden-Baden II"]
[WhiteTeamCountry "GER"]
[BlackTeamCountry "GER"]

1. d4 Nf6 2. c4 g6 3. Nc3 Bg7 4. e4 0-0 5. Nf3 d6 6. Be2 e5 7. 0-0 Nc6 8. d5 Ne7 9. Nd2 Ne8 10. b4 f5 11. c5 Nf6 12. f3 f4 13. Nc4 g5 14. cxd6 cxd6 15. Nb5 Ne8 16. a4 h5 17. Bd2 Rf6 18. Be1 g4 19. fxg4 hxg4 20. Bxg4 a6 21. Nba3 Rg6 22. Bxc8 Rxc8 23. Qd3 Rh6 24. Bf2 Ng6 25. Nd2 Bf6 26. Nf3 Bh4 27. Nxh4 Nxh4 28. Rac1 Rxc1 29. Rxc1 Qg5 30. Bxh4 Qxh4 31. h3 Rg6 32. Rf1 Rg3 33. Rf3 Rxf3 34. Qxf3 Qe1+ 35. Kh2 Nf6 36. b5 Qb4 37. bxa6 bxa6 38. Qd3 Qxa4 39. Nc4 Qb5 40. Qc2 Qc5 41. Qa4 f3 42. gxf3 Qf2+ 43. Kh1 Qxf3+ 44. Kh2 Qf4+ 45. Kg1 Qg3+ 46. Kf1 Qxh3+ 47. Kg1 Nxe4 48. Qe8+ Kg7 49. Qe7+ Kg6 50. Qe8+ Kg5 51. Qg8+ Kf4 52. Qf7+ Qf5 53. Qxf5+ Kxf5 54. Kg2 Kf4 0-1

[Event "BL2-Sued 1011"]
[Site "Germany"]
[Date "2011.03.20"]
[Round "8.2"]
[White "Kozlov, Alexander"]
[Black "Abergel, Thal"]
[Result "0-1"]
[WhiteElo "2182"]
[BlackElo "2521"]
[PlyCount "48"]
[EventDate "2010.10.10"]
[EventType "team-tourn"]
[EventRounds "9"]
[EventCountry "GER"]
[SourceTitle "EXT 2012"]
[Source "ChessBase"]
[SourceDate "2011.11.24"]
[SourceVersion "1"]
[SourceVersionDate "2011.11.24"]
[SourceQuality "1"]
[WhiteTeam "Schwegenheim"]
[BlackTeam "Viernheim"]
[WhiteTeamCountry "GER"]
[BlackTeamCountry "GER"]

1. d4 Nf6 2. c4 b6 3. Nf3 Bb7 4. g3 e5 5. dxe5 Ng4 6. Bg2 Nxe5 7. Qb3 Nxf3+ 8. Bxf3 Nc6 9. Be3 Qf6 10. Nd2 Be7 11. 0-0 0-0 12. Rfd1 Rfe8 13. Rac1 Bf8 14. Qc3 Qg6 15. a3 Bc5 16. Bxc5 bxc5 17. Nb3 d6 18. Rd2 Re7 19. Bg2 Rae8 20. e3 Ba8 21. Rdd1 Ne5 22. Nd2 Nd3 23. Rc2 Bxg2 24. Kxg2 Nxf2 0-1

[Event "Bad Woerishofen op 26th"]
[Site "Bad Woerishofen"]
[Date "2010.03.13"]
[Round "8"]
[White "Kozlov, Alexander"]
[Black "De Santis, Alessio"]
[Result "1/2-1/2"]
[WhiteElo "2163"]
[BlackElo "2305"]
[PlyCount "47"]
[EventDate "2010.03.06"]
[EventType "swiss"]
[EventRounds "9"]
[EventCountry "GER"]
[SourceTitle "CBM 135 Extra"]
[Source "ChessBase"]
[SourceDate "2010.05.04"]
[SourceVersion "1"]
[SourceVersionDate "2010.05.04"]
[SourceQuality "1"]

1. d4 d6 2. e4 Nf6 3. Bd3 c6 4. h3 Nbd7 5. Nf3 e5 6. c3 Be7 7. a4 0-0 8. 0-0 Qc7 9. Re1 a5 10. Nbd2 Re8 11. Nf1 Bf8 12. Ng3 g6 13. Bg5 h6 14. Be3 Bg7 15. Qd2 Kh7 16. dxe5 dxe5 17. Bc4 Nf8 18. Bc5 Rd8 19. Qe3 N6d7 20. Be7 Re8 21. Ba3 Nb6 22. Bb3 Be6 23. Bxe6 Nxe6 24. b3 1/2-1/2

[Event "BL2-Sued 0809"]
[Site "Germany"]
[Date "2009.03.29"]
[Round "9.6"]
[White "Kozlov, Alexander"]
[Black "Raykhman, Alexander"]
[Result "0-1"]
[WhiteElo "2195"]
[BlackElo "2260"]
[PlyCount "130"]
[EventDate "2008.10.05"]
[EventType "team-tourn"]
[EventRounds "9"]
[EventCountry "GER"]
[SourceTitle "CBM 129 Extra"]
[Source "ChessBase"]
[SourceDate "2009.05.05"]
[SourceVersion "2"]
[SourceVersionDate "2009.05.20"]
[SourceQuality "1"]
[WhiteTeam "Schwegenheim"]
[BlackTeam "Neuhausen"]
[WhiteTeamCountry "GER"]
[BlackTeamCountry "GER"]

1. d4 Nf6 2. c4 g6 3. d5 Bg7 4. Nc3 0-0 5. e4 e5 6. h3 d6 7. Bg5 a5 8. Nf3 Na6 9. Be2 Bd7 10. Nd2 Kh8 11. a3 Qe8 12. b3 Ng8 13. g4 f5 14. Bh4 Nf6 15. f3 Qe7 16. Bg5 Qf7 17. Be3 Ng8 18. g5 c6 19. Rb1 h6 20. h4 c5 21. Nb5 Qe7 22. Rg1 Rf7 23. Bd3 Bf8 24. Ke2 f4 25. Bf2 hxg5 26. Rxg5 Rg7 27. Qh1 Be8 28. Rbg1 Qd8 29. Kd1 Be7 30. R5g2 Rh7 31. Rh2 a4 32. bxa4 Nb8 33. Bc2 Nd7 34. Ke2 Nb6 35. Nc3 Bf6 36. Rb1 Nc8 37. Nb5 Rh5 38. Kd3 Nb6 39. Nc3 Rh7 40. Rb2 Bxa4 41. Bxa4 Nxa4 42. Nxa4 Rxa4 43. Rb3 Qe7 44. Nb1 Ra8 45. Nc3 Rf8 46. Qg1 Rh6 47. Qb1 Rf7 48. Be1 Bxh4 49. Bxh4 Rxh4 50. Rxb7 Rxh2 51. Rxe7 Rxe7 52. Qb8 Rf2 53. Qxd6 Rxf3+ 54. Kd2 Rf2+ 55. Kc1 Rg2 56. Qxc5 f3 57. Nd1 Rf7 58. Nf2 Nf6 59. Qe3 Ng4 60. Nxg4 Rxg4 61. Qf2 Rg2 62. Qf1 f2 63. Qxg2 f1Q+ 64. Qxf1 Rxf1+ 65. Kd2 Kg7 0-1

[Event "BL2-Sued 0809"]
[Site "Germany"]
[Date "2009.03.15"]
[Round "8.6"]
[White "Gheng, Josef"]
[Black "Kozlov, Alexander"]
[Result "1/2-1/2"]
[WhiteElo "2315"]
[BlackElo "2195"]
[PlyCount "142"]
[EventDate "2008.10.05"]
[EventType "team-tourn"]
[EventRounds "9"]
[EventCountry "GER"]
[SourceTitle "CBM 129 Extra"]
[Source "ChessBase"]
[SourceDate "2009.05.05"]
[SourceVersion "2"]
[SourceVersionDate "2009.05.20"]
[SourceQuality "1"]
[WhiteTeam "Boeblingen"]
[BlackTeam "Schwegenheim"]
[WhiteTeamCountry "GER"]
[BlackTeamCountry "GER"]

1. e4 d6 2. d4 Nf6 3. Nc3 e5 4. f4 exd4 5. Qxd4 Nbd7 6. Nf3 c6 7. Be3 Be7 8. 0-0-0 Qa5 9. h3 0-0 10. g4 b5 11. g5 Ne8 12. Nd2 Rb8 13. Nb3 Qc7 14. Qxa7 Qxa7 15. Bxa7 Ra8 16. Be3 b4 17. Ne2 Rxa2 18. Ned4 Nb8 19. Bc4 Kh8 20. Kb1 Ra8 21. Bd2 c5 22. Nf5 Bxf5 23. exf5 Nc7 24. Rhe1 Nc6 25. Be3 Rad8 26. Bf1 Rfe8 27. Bg2 Na7 28. Bf2 Bf8 29. h4 Rxe1 30. Rxe1 Re8 31. Rxe8 Nxe8 32. Bd5 f6 33. c4 Nc7 34. Bb7 Kg8 35. Nc1 Kf7 36. Nd3 b3 37. Kc1 Ke8 38. Kd2 Kd7 39. Kc3 Nc6 40. Bxc6+ Kxc6 41. Kxb3 d5 42. Kc3 Na8 43. b4 cxb4+ 44. Nxb4+ Bxb4+ 45. Kxb4 dxc4 46. Kxc4 Nc7 47. Kd4 Nb5+ 48. Ke4 Nd6+ 49. Kf3 Nxf5 50. Kg4 Ne7 51. gxf6 gxf6 52. Bd4 Ng8 53. Kf5 Kd7 54. Bxf6 Nh6+ 55. Kg5 Nf7+ 56. Kg4 Ke6 57. Bg7 Nd6 58. Bf8 Nf5 59. Kg5 Ng3 60. Bg7 Kf7 61. Be5 Ke6 62. h5 Nf5 63. Bb8 Ng3 64. Be5 Nf5 65. Bc3 Ng3 66. Bd4 Kd5 67. Bg1 Ke6 68. Kh6 Kf5 69. Bh2 Nf1 70. Bg1 Ng3 71. Be3 Kg4 1/2-1/2

[Event "Bad Woerishofen op 25th"]
[Site "Bad Woerishofen"]
[Date "2009.03.10"]
[Round "6"]
[White "Von Saldern, Ruediger"]
[Black "Kozlov, Alexander"]
[Result "1/2-1/2"]
[WhiteElo "2050"]
[BlackElo "2196"]
[PlyCount "114"]
[EventDate "2009.03.05"]
[EventType "swiss"]
[EventRounds "9"]
[EventCountry "GER"]
[SourceTitle "CBM 129 Extra"]
[Source "ChessBase"]
[SourceDate "2009.05.05"]
[SourceVersion "2"]
[SourceVersionDate "2009.05.20"]
[SourceQuality "1"]

1. d4 Nf6 2. Nf3 d6 3. Bg5 Nbd7 4. e3 h6 5. Bh4 c6 6. Be2 Qc7 7. 0-0 e5 8. c4 Be7 9. Nc3 0-0 10. Qc2 Re8 11. Rac1 b6 12. b4 a6 13. Rfd1 Bb7 14. Qb3 c5 15. d5 cxb4 16. Qxb4 Nc5 17. Na4 Nfd7 18. Bxe7 Rxe7 19. Nxc5 Qxc5 20. Rb1 Qxb4 21. Rxb4 a5 22. Rb2 Ba6 23. Kf1 Ree8 24. Ke1 Rec8 25. Nd2 f5 26. Rdb1 Kf7 27. f4 exf4 28. exf4 Re8 29. Kf2 Rac8 30. Rxb6 Nxb6 31. Rxb6 Rxe2+ 32. Kxe2 Bxc4+ 33. Nxc4 Rxc4 34. Rxd6 Rc2+ 35. Kf3 Rxa2 36. Ra6 a4 37. h4 a3 38. Kg3 Ra1 39. Kh2 a2 40. h5 Rf1 41. Rxa2 Rxf4 42. Ra7+ Kf6 43. Ra6+ Ke5 44. Kh3 Rg4 45. d6 Ke6 46. g3 Rd4 47. Ra7 Kf6 48. Ra6 Kg5 49. Ra7 Rxd6 50. Rxg7+ Kxh5 51. Rg8 Rd3 52. Kg2 Rd4 53. Kh3 Rd3 54. Kg2 Rd6 55. Kh3 Rg6 56. Ra8 Kg5 57. Rb8 Rg7 1/2-1/2

[Event "BL2-Sued 0809"]
[Site "Germany"]
[Date "2008.10.26"]
[Round "2.7"]
[White "Kozlov, Alexander"]
[Black "Netzer, Jean"]
[Result "0-1"]
[WhiteElo "2195"]
[BlackElo "2360"]
[PlyCount "98"]
[EventDate "2008.10.05"]
[EventType "team-tourn"]
[EventRounds "9"]
[EventCountry "GER"]
[SourceTitle "CBM 129 Extra"]
[Source "ChessBase"]
[SourceDate "2009.05.05"]
[SourceVersion "2"]
[SourceVersionDate "2009.05.20"]
[SourceQuality "1"]
[WhiteTeam "Schwegenheim"]
[BlackTeam "Baden-Baden II"]
[WhiteTeamCountry "GER"]
[BlackTeamCountry "GER"]

1. d4 d5 2. Bg5 f6 3. Bh4 Nh6 4. e3 c5 5. c3 Nc6 6. Bd3 Qb6 7. Qb3 Bf5 8. Bxf5 Nxf5 9. Nf3 Qxb3 10. axb3 h5 11. h3 e6 12. Bg3 Nxg3 13. fxg3 Bd6 14. Kf2 Ne7 15. dxc5 Bxc5 16. Nbd2 Kf7 17. Nd4 e5 18. Nc2 Bb6 19. Nf3 Rac8 20. Rhd1 Ke6 21. Ra4 Nf5 22. g4 hxg4 23. Rxg4 g5 24. Ra4 Rh7 25. Re1 Nd6 26. Nd2 f5 27. c4 Rhc7 28. cxd5+ Kxd5 29. Nb4+ Ke6 30. Ke2 a5 31. Nd3 Rc2 32. Kd1 e4 33. Nf2 Rc1+ 34. Ke2 Rxe1+ 35. Kxe1 Bxe3 36. g4 Bb6 37. gxf5+ Kxf5 38. Nc4 Nxc4 39. bxc4 Rd8 40. c5 Bxc5 41. Rxa5 b6 42. Rb5 Kf4 43. Rb3 Rc8 44. Nd1 e3 45. Nc3 Kf3 46. Nd1 Ra8 47. Kf1 Ra1 48. Ke1 Rc1 49. Rb5 Rxd1+ 0-1

[Event "Liechtenstein op 26th"]
[Site "Triesen"]
[Date "2008.04.27"]
[Round "3"]
[White "Horvath, Maria"]
[Black "Kozlov, Alexander"]
[Result "0-1"]
[WhiteElo "2011"]
[BlackElo "2167"]
[PlyCount "160"]
[EventDate "2008.04.25"]
[EventType "swiss"]
[EventRounds "9"]
[EventCountry "LIE"]
[SourceTitle "CBM 123 Extra"]
[Source "ChessBase"]
[SourceDate "2008.05.06"]
[SourceVersion "1"]
[SourceVersionDate "2008.05.06"]
[SourceQuality "1"]

1. d4 g6 2. c4 Bg7 3. Nc3 c5 4. d5 Bxc3+ 5. bxc3 f5 6. Nf3 Nf6 7. Bh6 Ne4 8. Qc2 d6 9. e3 Nd7 10. Bd3 Ndf6 11. h3 Qa5 12. Rc1 Bd7 13. 0-0 0-0-0 14. Bg7 Rhg8 15. Bxf6 Nxf6 16. Nd2 e5 17. dxe6 Bxe6 18. Rb1 Bd7 19. Be2 Bc6 20. Bf3 Bxf3 21. Nxf3 Ne4 22. Rb3 Qa4 23. Rfb1 Rg7 24. Qb2 Qc6 25. Ra3 Kb8 26. Qb5 Qxb5 27. cxb5 d5 28. Rd1 Rd6 29. c4 dxc4 30. Rxd6 Nxd6 31. Rc3 Nxb5 32. Rxc4 b6 33. g4 Nd6 34. Rc2 Ne4 35. Nd2 Re7 36. gxf5 gxf5 37. Kg2 Kc7 38. Nxe4 fxe4 39. f4 exf3+ 40. Kxf3 Kc6 41. e4 Rf7+ 42. Ke3 b5 43. Rd2 c4 44. e5 Rd7 45. Rb2 Rd3+ 46. Ke4 Rxh3 47. e6 Rh1 48. Ke5 Re1+ 49. Kf6 a5 50. Rd2 c3 51. Rd8 Kc7 52. Rd7+ Kc6 53. Rd8 c2 54. Rc8+ Kd6 55. Rxc2 Rxe6+ 56. Kf5 Re1 57. Kf4 Kd5 58. Kf3 Re7 59. Kf2 h5 60. Kg3 Re4 61. Kf3 h4 62. Rd2+ Rd4 63. Rc2 Rc4 64. Rb2 Kc5 65. Ke3 h3 66. Kd3 Rh4 67. Rh2 Kb4 68. Kc2 Kc4 69. Kd2 Kd4 70. Ke2 Re4+ 71. Kd2 Re3 72. Rf2 Ra3 73. Kc1 Ke3 74. Rh2 Kf4 75. Kb2 b4 76. Rc2 Kg3 77. Rc8 Rf3 78. Rg8+ Kf2 79. Rh8 Kg2 80. Rg8+ Rg3 0-1

[Event "Val Thorens op 33th"]
[Site "Val Thorens"]
[Date "2007.07.15"]
[Round "2"]
[White "Kozlov, Alexander"]
[Black "Gladyszev, Oleg"]
[Result "1/2-1/2"]
[WhiteElo "2167"]
[BlackElo "2480"]
[PlyCount "143"]
[EventDate "2007.07.14"]
[EventType "swiss"]
[EventRounds "9"]
[EventCountry "FRA"]
[SourceTitle "EXT 2010"]
[Source "ChessBase"]
[SourceDate "2010.11.25"]
[SourceVersion "1"]
[SourceVersionDate "2010.11.25"]
[SourceQuality "1"]

1. d4 Nf6 2. c4 g6 3. Nc3 Bg7 4. e4 d6 5. Nf3 0-0 6. h3 e5 7. d5 a5 8. Bg5 Na6 9. Nd2 c6 10. Be2 Bd7 11. 0-0 Kh8 12. a3 Qc7 13. Rb1 Ng8 14. Be3 f5 15. Qb3 a4 16. Qb6 Qc8 17. f4 Bf6 18. fxe5 dxe5 19. dxc6 Bxc6 20. Qa5 Nc7 21. Qb4 Na6 22. Qa5 Nc7 23. Qb4 Be7 24. c5 Nf6 25. Qc4 f4 26. Bf2 Qe6 27. Nf3 Qxc4 28. Bxc4 Nxe4 29. Nxe4 Bxe4 30. Rbe1 Bxf3 31. gxf3 Bf6 32. Re4 Rfd8 33. Rfe1 Kg7 34. R1e2 Rd1+ 35. Kg2 Rad8 36. Be1 R8d4 37. Bc3 Rxe4 38. Rxe4 Nd5 39. Bxd5 Rxd5 40. Rb4 Rd7 41. Rxa4 Kf7 42. Rc4 Rc7 43. Ba5 Rc8 44. Rb4 Rxc5 45. Rxb7+ Ke6 46. Bc3 h5 47. Kf2 Kf5 48. Rd7 Rc6 49. Rd5 g5 50. a4 g4 51. hxg4+ hxg4 52. fxg4+ Kxg4 53. Bxe5 Bh4+ 54. Ke2 f3+ 55. Ke3 Bg5+ 56. Kd3 f2 57. Ke2 Rc2+ 58. Kf1 Be3 59. Rd1 Rc4 60. Kg2 Rxa4 61. Bg3 Rc4 62. Bxf2 Rc2 63. Rf1 Rxb2 64. Kg1 Bf4 65. Kg2 Rc2 66. Rb1 Be3 67. Rf1 Bc5 68. Kg1 Bd6 69. Kg2 Bg3 70. Kg1 Bxf2+ 71. Rxf2 Rxf2 72. Kxf2 1/2-1/2

[Event "Stuttgart-chA int"]
[Site "Gerlingen"]
[Date "2007.05.18"]
[Round "4"]
[White "Kozlov, Alexander"]
[Black "Gabriel, Josef"]
[Result "0-1"]
[WhiteElo "2117"]
[BlackElo "2202"]
[PlyCount "70"]
[EventDate "2007.05.17"]
[EventType "swiss"]
[EventRounds "7"]
[EventCountry "GER"]
[SourceTitle "EXT 2018"]
[Source "ChessBase"]
[SourceDate "2017.10.13"]
[SourceVersion "1"]
[SourceVersionDate "2017.10.13"]
[SourceQuality "1"]

1. d4 f5 2. Nc3 Nf6 3. Bg5 Nc6 4. Bxf6 exf6 5. e3 d5 6. Bb5 Be6 7. a3 Kf7 8. Nge2 Ne7 9. h4 g5 10. h5 h6 11. Qd2 c6 12. Bd3 b5 13. Na2 Nc8 14. b3 Nd6 15. f3 Ne4 16. Qc1 Qa5+ 17. b4 Qc7 18. fxe4 fxe4 19. Qd2 Bd6 20. Nac3 exd3 21. Qxd3 Bg4 22. Kd2 f5 23. Nd1 Bg3 24. Nxg3 Qxg3 25. Qf1 Rhe8 26. Qf2 Qd6 27. Nb2 Kg7 28. Nd3 a5 29. c3 axb4 30. cxb4 f4 31. Ne5 Bf5 32. exf4 Rxa3 33. Rxa3 Qxb4+ 34. Ke2 Qxa3 35. Rg1 Bg4+ 0-1

[Event "Oberliga Sued W 0607"]
[Site "Germany"]
[Date "2007.01.07"]
[Round "5.4"]
[White "Kozlov, Alexander"]
[Black "Schluchter, Steffen"]
[Result "1/2-1/2"]
[WhiteElo "2118"]
[BlackElo "2128"]
[PlyCount "36"]
[EventDate "2006.10.15"]
[EventType "team-tourn"]
[EventRounds "9"]
[EventCountry "GER"]
[SourceTitle "EXT 2009"]
[Source "ChessBase"]
[SourceDate "2008.11.26"]
[SourceVersion "1"]
[SourceVersionDate "2008.11.26"]
[SourceQuality "1"]
[WhiteTeam "Schwegenheim"]
[BlackTeam "Mutterstadt"]
[WhiteTeamCountry "GER"]
[BlackTeamCountry "GER"]

1. d4 f5 2. Nc3 Nf6 3. Bg5 e6 4. e4 fxe4 5. Nxe4 Be7 6. Bxf6 Bxf6 7. Nf3 b6 8. Bd3 Bb7 9. c3 Bxe4 10. Bxe4 d5 11. Bd3 Qd6 12. 0-0 Nd7 13. Re1 0-0 14. Qc2 g6 15. Qe2 Rfe8 16. Ne5 c6 17. Qe3 Bg7 18. Nxd7 Qxd7 1/2-1/2

[Event "Oberliga Sued W 0607"]
[Site "Germany"]
[Date "2006.10.29"]
[Round "2.6"]
[White "Fritsche, Lutz"]
[Black "Kozlov, Alexander"]
[Result "1/2-1/2"]
[WhiteElo "2325"]
[BlackElo "2118"]
[PlyCount "87"]
[EventDate "2006.10.15"]
[EventType "team-tourn"]
[EventRounds "9"]
[EventCountry "GER"]
[SourceTitle "EXT 2009"]
[Source "ChessBase"]
[SourceDate "2008.11.26"]
[SourceVersion "1"]
[SourceVersionDate "2008.11.26"]
[SourceQuality "1"]
[WhiteTeam "Koblenz"]
[BlackTeam "Schwegenheim"]
[WhiteTeamCountry "GER"]
[BlackTeamCountry "GER"]

1. e4 c5 2. c3 g6 3. d4 cxd4 4. cxd4 d5 5. e5 Nc6 6. Nc3 Bg7 7. h3 Nh6 8. Nf3 0-0 9. Bf4 f6 10. exf6 exf6 11. Qb3 Qe7+ 12. Be2 Be6 13. 0-0 Qd7 14. Na4 Na5 15. Qb4 b6 16. Rac1 Rfc8 17. Ba6 Rxc1 18. Rxc1 Bf8 19. Qb5 Qxb5 20. Bxb5 Rc8 21. Rxc8 Bxc8 22. b4 Nc4 23. Bc6 Be6 24. Nc3 Nf5 25. Nxd5 Kg7 26. Nc7 Bc8 27. Bd5 Nfd6 28. Nd2 Nxd2 29. Bxd6 Bxd6 30. Ne8+ Kf8 31. Nxd6 Bd7 32. Ne4 Nxe4 33. Bxe4 Ke7 34. f3 f5 35. Bd5 Be6 36. Bxe6 Kxe6 37. Kf2 f4 38. Ke2 Kd5 39. Kd3 b5 40. h4 h6 41. Kc3 Kd6 42. Kd2 Ke6 43. Ke2 Kd6 44. Kd3 1/2-1/2

[Event "Seefeld op 17th"]
[Site "Seefeld"]
[Date "2006.09.26"]
[Round "4"]
[White "Van der Weide, Karel"]
[Black "Kozlov, Alexander"]
[Result "1-0"]
[WhiteElo "2443"]
[BlackElo "2118"]
[PlyCount "65"]
[EventDate "2006.09.23"]
[EventType "swiss"]
[EventRounds "9"]
[EventCountry "AUT"]
[SourceTitle "EXT 2009"]
[Source "ChessBase"]
[SourceDate "2008.11.26"]
[SourceVersion "1"]
[SourceVersionDate "2008.11.26"]
[SourceQuality "1"]

1. e4 c5 2. Nf3 e6 3. d4 cxd4 4. Nxd4 Bc5 5. Be3 Qb6 6. c3 Nc6 7. Nd2 Nxd4 8. Nc4 Qc6 9. Bxd4 Qxe4+ 10. Be2 Be7 11. 0-0 Nf6 12. Bf3 Qf5 13. Qa4 b5 14. Qa5 Ne4 15. Ne5 f6 16. Rfe1 Bb7 17. Qc7 Rd8 18. Qxb7 Nd6 19. Qxa7 fxe5 20. Bxe5 0-0 21. Bg3 Nc4 22. Rad1 Bc5 23. Qc7 d6 24. Re2 Rc8 25. Qb7 Rb8 26. Qe4 Qxe4 27. Bxe4 Rbd8 28. Bd3 e5 29. a4 d5 30. axb5 e4 31. Bxc4 dxc4 32. Rxd8 Rxd8 33. h4 1-0

[Event "Stuttgart-chA int"]
[Site "Ditzingen"]
[Date "2006.05.27"]
[Round "6"]
[White "Kozlov, Alexander"]
[Black "Bogenschuetze, Paul Jr"]
[Result "1-0"]
[WhiteElo "2112"]
[BlackElo "1986"]
[PlyCount "59"]
[EventDate "2006.05.25"]
[EventType "swiss"]
[EventRounds "7"]
[EventCountry "GER"]
[SourceTitle "EXT 2018"]
[Source "ChessBase"]
[SourceDate "2017.10.13"]
[SourceVersion "1"]
[SourceVersionDate "2017.10.13"]
[SourceQuality "1"]

1. d4 Nf6 2. c4 e6 3. Nf3 b6 4. a3 Bb7 5. Nc3 Be7 6. Qc2 d5 7. cxd5 Nxd5 8. Nxd5 Bxd5 9. e4 Bb7 10. Bb5+ c6 11. Bd3 Nd7 12. Be3 Rc8 13. Qa4 Qc7 14. Rc1 0-0 15. 0-0 Rfd8 16. Rfd1 Qb8 17. b4 Nf8 18. Rc3 Bf6 19. e5 Be7 20. Be4 Nd7 21. Re1 c5 22. Bxb7 Qxb7 23. dxc5 bxc5 24. bxc5 Bxc5 25. Qc2 Qd5 26. Rd1 Qc6 27. Rd6 Qb5 28. Bxc5 Nxc5 29. Rxc5 Qxc5 30. Qxc5 1-0